|
|
|
|
| LEADER |
00000cam a2200000 a 4500 |
| 001 |
vtls008185637 |
| 003 |
SK-MaSNL |
| 005 |
20260425235122.0 |
| 008 |
240318s1935 xo g 000 0 slo |
| 035 |
|
|
|a urn:nbn:sk:snk-am00gg3x
|
| 035 |
|
|
|a urn:nbn:sk:snk-am3j3y5
|
| 035 |
|
|
|a 86E2289E-FBD3-4AFA-A02B-4FFE0802FF0F
|
| 040 |
|
|
|a SNK
|b slo
|c SNK
|e AACR2
|
| 041 |
0 |
|
|a slo
|
| 044 |
|
|
|a xo
|c SK
|
| 100 |
1 |
|
|a Jehlička, František,
|d 1879-1939
|4 aut
|9 132450
|
| 245 |
1 |
0 |
|a Slovensko, kľúč strednej Európy
|b prednáška prof. F. Jehličku
|
| 260 |
|
|
|a Enlightenment
|b [vydavateľ nie je známy]
|c 1935
|
| 300 |
|
|
|a 15 s.
|
| 651 |
|
7 |
|a Slovensko
|2 SNKPH
|9 14231
|
| 655 |
|
7 |
|a prednášky
|2 SNKPH
|9 70554
|
| 958 |
|
|
|a ONDV
|
| 999 |
|
|
|c 820161
|d 822091
|
| 952 |
|
|
|a SNK
|b SNK
|y PREZ
|7 0
|p 17A0478947
|o snkSC 81359
|i snkD 633/92
|3 Rekatalogizácia
|0 0
|1 0
|4 0
|d 2005-07-21
|f 1
|l 0
|r 2026-02-24 03:04:00
|w 2026-02-24
|